1, 2, 3 Contos de uma vez (Record no. 189826)

MARC details
000 -LÍDER
campo de controle de tamanho fixo 00374 a2200169 4500
001 - NÚMERO DE CONTROLE
campo de controle 189826
020 ## - ISBN - INTERNATIONAL STANDARD BOOK NUMBER
ISBN - International Standard Book Number 978-85-60276-14-1
040 ## - FONTE DA CATALOGAÇÃO
Instituição que transcreveu o registro Magnum
100 ## - ENTRADA PRINCIPAL--NOME PESSOAL
Nome pessoal Mesquita, Rúbia
240 10 - TÍTULO UNIFORME
Título uniforme 1, 2, 3 Contos de uma vez
Idioma da obra por
245 10 - TÍTULO
Título 1, 2, 3 Contos de uma vez
300 ## - DESCRIÇÃO FÍSICA
Extensão 31
362 0# - DATAS DE PUBLICAÇÃO E/OU DESIGNAÇÃO SEQUENCIAL
Datas de publicação e/ou designação sequencial 2009
440 #1 - DECLARAÇÃO DE SÉRIE/ENTRADA ADICIONADA--TÍTULO
Título Uni Duni
697 ## - ENTRADA DE ASSUNTO LOCAL--ENTIDADE COLETIVA (RLIN)
Nome corporativo ou nome da jurisdição LITERATURA INFANTO
942 ## - ELEMENTOS DE ENTRADA ADICIONADOS (KOHA)
Tipo de material Koha Livros
Holdings
Situação do descarte Situação das perdas Situação física Não pode ser emprestado Biblioteca de origem Biblioteca atual Data de aquisição Total de empréstimos Número de chamada completo Código de barras Data de último acesso Data do preço efetivo Tipo de material Koha
        Magnum Magnum 08/06/2024   869.1.966 MAG00065453 08/06/2024 08/06/2024 Livros
        Magnum Magnum 08/06/2024   869.1.966 MAG00065454 08/06/2024 08/06/2024 Livros